PETRONAS silk road adventure 2001 Istanbul-Putrajaya : (Record no. 4111)

000 -LEADER
fixed length control field cam a22 a 4500
003 - CONTROL NUMBER IDENTIFIER
control field AKMAL
005 - DATE AND TIME OF LATEST TRANSACTION
control field 20170525111631.0
008 - FIXED-LENGTH DATA ELEMENTS--GENERAL INFORMATION
fixed length control field 170525s2002 my a | 00 eng d
020 ## - INTERNATIONAL STANDARD BOOK NUMBER
International Standard Book Number 983408580X :
Terms of availability RM120.00
039 #9 - LEVEL OF BIBLIOGRAPHIC CONTROL AND CODING DETAIL [OBSOLETE]
Level of rules in bibliographic description 200501311243
Level of effort used to assign nonsubject heading access points manoriah
040 ## - CATALOGING SOURCE
Original cataloging agency AKMAL
Transcribing agency AKMAL
041 0# - LANGUAGE CODE
Language code of text/sound track or separate title may
-- eng
043 ## - GEOGRAPHIC AREA CODE
Geographic area code a-tu---
043 ## - GEOGRAPHIC AREA CODE
Geographic area code a-my---
049 00 - LOCAL HOLDINGS (OCLC)
Holding library mal
082 04 - DEWEY DECIMAL CLASSIFICATION NUMBER
Classification number 915.9504 PET
Edition number 21
090 00 - LOCALLY ASSIGNED LC-TYPE CALL NUMBER (OCLC); LOCAL CALL NUMBER (RLIN)
Classification number (OCLC) (R) ; Classification number, CALL (RLIN) (NR) 915.9504
Local cutter number (OCLC) ; Book number/undivided call number, CALL (RLIN) PET
245 00 - TITLE STATEMENT
Title PETRONAS silk road adventure 2001 Istanbul-Putrajaya :
Remainder of title hayati kegemilangan ekspedisi
260 ## - PUBLICATION, DISTRIBUTION, ETC.
Place of publication, distribution, etc. Kuala Lumpur :
Name of publisher, distributor, etc. Petronas Motorsports ,
Date of publication, distribution, etc. 2002
300 00 - PHYSICAL DESCRIPTION
Extent 132p. :
Other physical details col. ill. ;
Dimensions 26cm.
500 ## - GENERAL NOTE
General note Teks sejajar bahasa Malaysia dan Inggeris
500 ## - GENERAL NOTE
General note Judul kulit depan : PETRONAS silk road adventure 2001 Istanbul - Putrajaya : experience the expedition
650 #0 - SUBJECT ADDED ENTRY--TOPICAL TERM
Topical term or geographic name entry element Safaris
Geographic subdivision Istanbul
9 (RLIN) 8047
650 #0 - SUBJECT ADDED ENTRY--TOPICAL TERM
Topical term or geographic name entry element Safaris
Geographic subdivision Malaysia
-- Putrajaya
9 (RLIN) 8048
942 ## - ADDED ENTRY ELEMENTS (KOHA)
Source of classification or shelving scheme
Koha item type Book
Holdings
Withdrawn status Lost status Source of classification or shelving scheme Damaged status Not for loan Collection code Home library Current library Date acquired Inventory number Total Checkouts Full call number Barcode Date last seen Price effective from Koha item type
          NON-FICTION AKMAL Melaka AKMAL Melaka 25.05.2017 900418   915.9504 PET 201705237 25.05.2017 25.05.2017 Book
          NON-FICTION AKMAL Melaka AKMAL Melaka 25.05.2017 900417   915.9504 PET 201705328 25.05.2017 25.05.2017 Book
Pusat Sumber Maklumat Dato' Haji Sarmin Md Hussin, Akademi Kastam Diraja Malaysia, Melaka
Tel: 06-2331106 | Faks: 06-2313787